Prokastinácia ako problém súčasnosti

Apekty prokrastinácie a motivačný konflikt - kto je prokrastinátor. Typy prokrastinácie a vzťah osobnostných charakteristík a prokrastinácie. Negatívne afektívne prejavy prokrastinácie.

Na minha lista:
Detalhes bibliográficos
Autor principal: Baranovská, Andrea
Formato: Capítulo de Livro
Idioma:eslovaco
Assuntos:
Tags: Adicionar Tag
Sem tags, seja o primeiro a adicionar uma tag!

MARC

LEADER 00000naa a2200000 4500
001 0276643
005 20210628141607.5
041 0 |a slo 
044 |a SK 
245 1 0 |a Prokastinácia ako problém súčasnosti  |c Andrea Baranovská 
520 |a Apekty prokrastinácie a motivačný konflikt - kto je prokrastinátor. Typy prokrastinácie a vzťah osobnostných charakteristík a prokrastinácie. Negatívne afektívne prejavy prokrastinácie. 
610 2 0 |a psychológia 
610 2 0 |a psychológia pedagogická 
610 2 0 |a prokrastinácia 
610 2 0 |a učitelia 
610 2 0 |a žiaci 
100 1 |a Baranovská, Andrea